| 000 | 00448nam a22001577a 4500 | ||
|---|---|---|---|
| 005 | 20250303121111.0 | ||
| 008 | 250303b |||||||| |||| 00| 0 eng d | ||
| 020 | _a9780721698434 | ||
| 050 |
_aRM301 _b.P457 |
||
| 100 | _aLehne, Richard A. | ||
| 245 |
_aPharmacology for Nursing Care/ _cRichard A. Lehne |
||
| 250 | _a5th ed. | ||
| 260 |
_aSt. Louis _bSaunders _c2004 |
||
| 300 |
_axxxii. 1246p. _bill. some color _c28cm |
||
| 942 |
_2lcc _cBK _e5th ed. _n0 |
||
| 999 |
_c4478 _d4478 |
||